000 00996am a2200301a 44500
003 AR-BaBNM
005 20251128203657.0
008 087019s1964 #AR|||||||||||000 | spa||
040 _cAR-BaBNM
100 1 _aRisk, Thomas M.
245 1 0 _aTeoría y práctica de la enseñanza en las escuelas secundarias
250 _a1ª ed.
260 _aMéxico, D.F.
_bCentro Regional de Ayuda Técnica. Agencia para el Desarrollo Internacional
_c1964
300 _axii, 604 p.
490 0 _aBibliotecas clásicos y modernos de educación
504 _aBibliografía al final de cada capítulo
650 4 _aACTIVIDADES DE LA CLASE
650 4 _aUNIDADES DE ENSEÑANZA
650 4 _aPROBLEMAS METODOLOGICOS
650 4 _aMOTIVACION DEL ALUMNO
650 4 _aEVALUACION DEL ALUMNO
653 _aEDUCACION SECUNDARIA
653 _aPROBLEMAS EDUCATIVOS
700 1 _aCordero Amador, Raúl
_eprologuista
700 1 _aAlcazar de la Cerda, Ramón
_etraductor
942 _cBK
998 _cCarmen
999 _c4445
_d4445